000 00741nam a22002292 4500
001 0000012227
005 20151217152109.0
008 090218s xx 000 0 eng d
020 _a0834217643 :
040 _aKABU
_cKABU
100 1 _aShi, Leiyu.
_@0000168487
245 1 0 _aDelivering health care in America :
_ba systems approach /
_cLeiyu Shi, Douglas A. Singh.
250 _a2nd ed.
260 _aGaithersburg, Maryland :
_bAspen,
_c2001.
300 _axv, 634 p.
650 0 _aMedical care
_zUnited States.
_@0000168488
650 0 _aMedical policy
_zUnited States.
_@0000168489
700 1 _aSingh, Douglas A.
_@0000168490
852 1 _9p500 KES
908 _a090218
950 _@1
999 _c8229
_d8229